000
00280nam a22001337a 4500
008
180126b xxu||||| |||| 00| 0 eng d
020
_a
0072388773
041
_a
eng
080
_a
611
100
_a
7
101
_a
ANA
245
_a
Human Anatomy
_c
Farrar, W.W
942
_2
udc
_c
BK
999
_c
41027
_d
41027